00513nam a2200181Ia 4500008004100000020001400041050001400055100002000069245002400089245001900113260001500132260001400147260000900161300001400170300002500184999001900209952010300228180207s9999 xx 000 0 und d a689316798 bM172 1992 aMcPhail, David. aFarmer boy's year / cDavid McPhail. aNew York : bAtheneum, c1992 aunpaged : bcolor illustration ; c355072d355072 001040aSSISMbSSISMd2018-02-07l0oER M172 1992pSSISM4617r2018-02-07 00:00:00w2018-02-07yBK